LEADER 01707nam2 22004093i 450 001 FER0064721 005 20251003044153.0 020 $aIT$b686230 100 $a20170619d1968 ||||0itac50 ba 101 | $aita 102 $ait 181 1$6z01$ai $bxxxe 182 1$6z01$an 183 1$6z01$anc$2RDAcarrier 200 1 $aˆ1: ‰Cenni storici, concetti giuridici, l'impresa di banca$fCarlo Folco 205 $a2. ed. rielaborata e ampliata 210 $aMilano$cA. Giuffrè$d1968 215 $a500 p.$d24 cm. 461 1$1001SBL0069346$12001 $aˆIl ‰sistema del diritto della banca$fCarlo Folco$v1 606 $aBanche$xDiritto$2FIR$3CFIC028530$9E 676 $a346.45082$9DIRITTO IN MATERIA DI ATTIVITA BANCARIE E ASSICURAZIONI. ITALIA$v21 676 $a346.45082$9DIRITTO BANCARIO. ITALIA$v23 696 $aIstituti di credito$aSistemi bancari$aBanchi $aIndustria bancaria$aAspetti giuridici 699 $aBanche$yIstituti di credito 699 $aBanche$ySistemi bancari 699 $aBanche$yBanchi 699 $aBanche$yIndustria bancaria 699 $aDiritto$zAspetti giuridici 700 1$aFolco$b, Carlo$3SBLV046819$4070$0111503 790 1$aFolco$b, Charles$3CFIV362919$zFolco, Carlo 801 3$aIT$bIT-000000$c20170619 850 $aIT-BN0095 912 $aFER0064721 950 2$aBiblioteca Centralizzata di Ateneo$d 01D (AR) 5 445$e 01AR 0070054455 VMA A4 1 v.$fY $h20230519$i20230519$lFondo Chiomenti$mEx Libris 977 $a 01 996 $aCenni storici, concetti giuridici, l'impresa di banca$91403701 997 $aUNISANNIO